Caricamento...

Nanomaterials and nanocomposites : synthesis, properties, characterization techniques, and applications /

Dettagli Bibliografici
Autore principale: Rajendra Kumar Goyal
Natura: Printed Book
Lingua:English
Pubblicazione: Boca Raton : CRC Press, 2018
Soggetti:
LEADER 00751 a2200193 4500
003 inmpuc
008 211223b |||||||| |||| 00| 0 eng d
020 |a 9781498761666 
041 |a eng 
082 |2 620.115 
100 |a Rajendra Kumar Goyal  |9 1582321 
245 |a Nanomaterials and nanocomposites :  |b synthesis, properties, characterization techniques, and applications /  |c Rajendra Kumar Goyal 
260 |a Boca Raton :  |b CRC Press,  |c 2018 
300 |a 332p.;  |c 26cm. 
650 7 |a Nanocomposites (Materials)  |2 fast  |9 1285067 
650 7 |a Nanostructured materials  |2 fast  |9 1094959 
942 |2 ddc  |c BK 
999 |c 362261  |d 362261 
952 |0 0  |1 0  |2 ddc  |4 0  |6 620_115000000000000_RAJ_N  |7 0  |9 421486  |a UL  |b UL  |c PROC  |d 2021-10-11  |g 14123.00  |o 620.115 RAJ/N  |p 103641  |r 2021-10-11  |y BK